00438 2200157 4500001002100000005001500021035002000036245007600056100002100132300002800153260004300181082000800224084001400232020002200246990001200268INLIS00000000000269120250910111936 a0010-09250000381 aSeri Komik Islami :bImam Syafii Sang Penegak Sunah /cIrfan Mahardhika0 aIrfan Mahardhika a103 hlm ;c14,5 x 21 cm aJakarta :bEmir Cakrawala Islam,c2017 a700 a700 IRF s a978-602-0935-53-9 a0755331